Weltmarken anhand von Logos erraten - Statistiken

Allgemein
  • Dieses Quiz wurde 3.165 mal gespielt
  • Das Durchschnittsergebnis liegt bei 55 aus 60
Antwortstatistiken
Bildquiz Antwort % Korrekt
Google
100%
Lego
100%
Adidas
99%
Amazon
99%
Facebook
99%
IKEA
99%
Instagram
99%
McDonald‘s
99%
Nike
99%
Puma
99%
Red Bull
99%
Apple
98%
Audi
98%
Ford
98%
KFC
98%
Netflix
98%
PayPal
98%
Snickers
98%
Starbucks
98%
Twitter
98%
YouTube
98%
Barbie
97%
Coca-Cola
97%
Disney
97%
PlayStation
97%
Samsung
97%
Snapchat
97%
Spotify
97%
Wikipedia
97%
Chrome
96%
Shell
96%
Visa
96%
Domino‘s
95%
Microsoft
95%
Nintendo
95%
Tesla
95%
Toyota
95%
Xbox
95%
Lufthansa
94%
Monopoly
94%
LG
93%
eBay
92%
Fila
91%
Skype
90%
Rolex
89%
Gucci
85%
Lays
85%
Vodafone
85%
Pizza Hut
84%
Reddit
84%
Louis Vuitton
80%
Intel
78%
Chanel
77%
Nestle
76%
ING
75%
Nerf
72%
Dreamworks
69%
Walmart
55%
Gazprom
54%
Wilson
49%
Keine übereinstimmenden Quizze gefunden
Verteilung der Resultate
Anzahl Personen mit jedem Resultat
Perzentil nach korrekt beantworteten Fragen
Ihre Resultats-Entwicklung
Sie haben dieses Quiz noch nicht gespielt